| 000 | 00560nam a2200157Ia 4500 | ||
|---|---|---|---|
| 008 | 140527s9999 xx 000 0 und d | ||
| 020 | _a9781412991315 | ||
| 050 |
_aHF 5415.2 _b.L469 2012 |
||
| 245 |
_aLeading edge marketing research : _b21st-century tools and practices / _cedited by Robert J. Kaden, Gerald Linda, Melvin Prince |
||
| 260 |
_aThousand Oaks, Calif. : _bSAGE Publications, _cc2012. |
||
| 300 |
_a483 p. : _bill. ; _c23 cm. |
||
| 500 | _aIncludes bibliographical references and index. | ||
| 521 | _aBSBA | ||
| 942 |
_kFOR _cBK |
||
| 999 |
_c117448 _d117448 |
||